[Event "Charleroi op"]
[Site "Charleroi"]
[Date "2016.08.02"]
[Round "5"]
[White "Hoffmeister, Frank"]
[Black "De Villers, Mourad"]
[Result "1/2-1/2"]
[WhiteElo "2165"]
[BlackElo "2136"]
[PlyCount "65"]
[EventDate "2016.07.30"]
[EventType "swiss"]
[EventRounds "9"]
[EventCountry "BEL"]
[SourceTitle "CBM 173 Extra"]
[Source "ChessBase"]
[SourceDate "2016.08.29"]
[SourceVersion "1"]
[SourceVersionDate "2016.08.29"]
[SourceQuality "1"]

1. d4 Nf6 2. c4 g6 3. Nc3 Bg7 4. e4 d6 5. Nf3 0-0 6. Be2 e5 7. 0-0 Nc6 8. d5 Ne7 9. b4 a5 10. Ba3 axb4 11. Bxb4 Nd7 12. a4 Bh6 13. Nd2 f5 14. Nb3 Nf6 15. Bd3 fxe4 16. Nxe4 Nxe4 17. Bxe4 Bf5 18. f3 Be3+ 19. Kh1 Qd7 20. a5 Bxe4 21. fxe4 Rxf1+ 22. Qxf1 Rf8 23. Qd3 Ba7 24. Nd2 Rf2 25. Rf1 Rxf1+ 26. Nxf1 Bd4 27. Bd2 Kg7 28. h3 Ng8 29. Nh2 Qa4 30. Nf3 Nf6 31. Kh2 Qa1 32. Bg5 Qc3 33. Qb1 1/2-1/2